[Event "ICS rated standard match"]
[Site "204.178.125.65"]
[Date "2000.08.25"]
[Round "?"]
[White "stevesand"]
[Black "Hossa"]
[Result "0-1"]
[WhiteElo "2083"]
[BlackElo "2370"]
[PlyCount "37"]
[EventDate "2000.??.??"]

1. d4 d5 2. c4 dxc4 3. Nf3 Bf5 4. Nc3 Nf6 5. Bf4 e6 6. e3 Nd5 7. Bg5 f6 8. Bh4
Bb4 9. Rc1 b5 10. Nd2 Nxc3 11. bxc3 Ba3 12. Qf3 c6 13. e4 Bxc1 14. exf5 Bxd2+
15. Kxd2 e5 16. Qg4 O-O 17. Be2 Qa5 18. Rd1 exd4 19. Ke1 0-1

[Event "ICS rated standard match"]
[Site "204.178.125.65"]
[Date "2000.08.25"]
[Round "?"]
[White "Hossa"]
[Black "BrazilianMaster"]
[Result "0-1"]
[WhiteElo "2375"]
[BlackElo "2618"]
[PlyCount "140"]
[EventDate "2000.??.??"]

1. e4 d5 2. exd5 Qxd5 3. Nc3 Qd8 4. Nf3 Nf6 5. Bc4 Nc6 6. O-O Bg4 7. Bb5 Qd6 8.
h3 Bh5 9. d3 O-O-O 10. Be3 a6 11. Ba4 e6 12. a3 Ne5 13. g4 Bg6 14. Nh4 Ned7 15.
b4 Be7 16. Qf3 Kb8 17. Nxg6 hxg6 18. Rfe1 Rh7 19. g5 Ng8 20. Ne4 Qd5 21. Qxf7
Ne5 22. Qf4 Rf8 23. c4 Rxf4 24. cxd5 Rfh4 25. dxe6 Nxd3 26. Bc2 Nxe1 27. Rxe1
Rxh3 28. Kf1 Rh1+ 29. Ke2 Rxe1+ 30. Kxe1 Rh1+ 31. Ke2 Ra1 32. Nc5 Ra2 33. Kd1
Rxa3 34. Bxg6 Bd6 35. Bd4 Ne7 36. Be4 g6 37. Kc2 Rh3 38. f3 c6 39. Nd7+ Kc8 40.
Kb3 Nd5 41. Nb6+ Nxb6 42. Bxb6 Bf4 43. Kc2 Bxg5 44. Kb3 Be7 45. Kc4 g5 46. Bc5
Kd8 47. Bb6+ Ke8 48. Ba5 Bd6 49. Bb6 Ke7 50. Ba5 Kxe6 51. Bb6 Be5 52. Bd4 Bxd4
53. Kxd4 Rh4 54. Kd3 Rxe4 55. Kxe4 b6 56. Kd3 Ke5 57. Kd2 Kf4 58. Ke2 a5 59. b5
cxb5 60. Kd2 Kxf3 61. Ke1 g4 62. Kd2 g3 63. Kd3 g2 64. Kd2 g1=Q 65. Kc2 Ke3 66.
Kb2 Kd3 67. Kb3 Qb1+ 68. Ka3 Qa1+ 69. Kb3 a4+ 70. Kb4 Qb2# {Hossa checkmated}
0-1

[Event "ICS rated standard match"]
[Site "204.178.125.65"]
[Date "2000.08.25"]
[Round "?"]
[White "Hossa"]
[Black "MissSilicon"]
[Result "0-1"]
[WhiteElo "2361"]
[BlackElo "2479"]
[PlyCount "134"]
[EventDate "2000.??.??"]

1. e4 e5 2. Nf3 Nc6 3. Bb5 Bc5 4. O-O d6 5. c3 Bb6 6. d4 Bd7 7. dxe5 dxe5 8.
Nbd2 Qe7 9. Nc4 O-O-O 10. Qe2 Nf6 11. b4 Kb8 12. a4 a6 13. Bxc6 Bxc6 14. Bg5
Qe6 15. Nxb6 cxb6 16. b5 axb5 17. axb5 Be8 18. Bh4 Rc8 19. Bg3 Rc5 20. c4 Nd7
21. Rfc1 Qe7 22. Nd4 Rc8 23. Nf5 Qf8 24. Qd2 Qc5 25. Nxg7 Nf8 26. Nf5 Ng6 27.
Ne3 h5 28. Nd5 Rd8 29. Qa2 Kc8 30. Qa8+ Kd7 31. Qxb7+ Ke6 32. Nxb6 Kf6 33. Nd5+
Kg7 34. Nc7 Bd7 35. Na6 Qd4 36. Rd1 Qxd1+ 37. Rxd1 Bc6 38. Qxf7+ Kxf7 39. Rxd8
Rxd8 40. f3 Rd1+ 41. Kf2 Be8 42. b6 Rb1 43. c5 h4 44. Bxh4 Nxh4 45. Kg3 Ng6 46.
Nc7 Nf4 47. Nd5 Nd3 48. Nc3 Rb3 49. Nd5 Nxc5 50. Kh4 Bc6 51. Kg5 Bxd5 52. exd5
Rxb6 53. Kf5 Nd7 54. g3 Rd6 55. Ke4 Kf6 56. g4 Kg5 57. Ke3 Rxd5 58. Ke2 Rb5 59.
h3 Rb3 60. Kf2 Kf4 61. Ke1 Ke3 62. Kf1 Kxf3 63. Ke1 Rd3 64. g5 e4 65. g6 e3 66.
h4 e2 67. h5 Rd1# {Hossa checkmated} 0-1

[Event "ICS rated standard match"]
[Site "204.178.125.65"]
[Date "2000.08.25"]
[Round "?"]
[White "Interceptor"]
[Black "Hossa"]
[Result "1-0"]
[WhiteElo "2527"]
[BlackElo "2350"]
[PlyCount "165"]
[EventDate "2000.??.??"]

1. Nf3 Nf6 2. d4 g6 3. c4 Bg7 4. Nc3 O-O 5. e4 d6 6. Be2 e5 7. Be3 Ng4 8. Bg5
f6 9. Bh4 Na6 10. O-O c6 11. h3 Nh6 12. Qc2 Nf7 13. d5 Qc7 14. a3 f5 15. b4
fxe4 16. Nd2 Bf5 17. Ndxe4 Qd7 18. Qd2 cxd5 19. cxd5 Qc7 20. Bd3 Rac8 21. Rfe1
Bh6 22. Qe2 Bg7 23. Ra2 Qd7 24. Bb5 Qc7 25. Rb2 Nb8 26. Bd3 Qb6 27. Rd1 g5 28.
Bg3 Nd7 29. Bh2 Bg6 30. Rc2 Qd8 31. Rcc1 Nb6 32. a4 Qe7 33. a5 Nd7 34. Re1 Nf6
35. Nxf6+ Qxf6 36. Bxg6 Qxg6 37. Ne4 Qf5 38. Rc2 Qd7 39. Rec1 Rxc2 40. Qxc2 g4
41. hxg4 Qxg4 42. Bg3 b5 43. f3 Qg6 44. Qc7 Bh6 45. Rc3 Bd2 46. Rb3 Qh6 47. Bf2
a6 48. Qc6 Bf4 49. g3 Qh3 50. Qxa6 Rc8 51. Rb1 Bxg3 52. Bxg3 Rc2 53. Bf2 Qxf3
54. Re1 Qg4+ 55. Bg3 Qf3 56. Qa8+ Kg7 57. Bf2 Rc4 58. Ng3 Rxb4 59. Re3 Qg4 60.
Qb7 Rb1+ 61. Kg2 Ra1 62. a6 Kg6 63. Re4 Qg5 64. a7 Nd8 65. Qxb5 Rxa7 66. Bxa7
Kf7 67. Qd7+ Qe7 68. Qxe7+ Kxe7 69. Nf5+ Kf6 70. Nxd6 Ke7 71. Bb8 Kf6 72. Bc7
Ne6 73. Ne8+ Kf7 74. dxe6+ Kxe6 75. Rxe5+ Kf7 76. Nd6+ Kf6 77. Ne4+ Kf7 78.
Rf5+ Kg6 79. Rf6+ Kg7 80. Bf4 h5 81. Bh6+ Kg8 82. Ng5 h4 83. Rf8# {
Hossa checkmated} 1-0

[Event "ICS rated blitz match"]
[Site "204.178.125.65"]
[Date "2000.08.25"]
[Round "?"]
[White "PostModernist"]
[Black "Hossa"]
[Result "0-1"]
[WhiteElo "2607"]
[BlackElo "2477"]
[PlyCount "124"]
[EventDate "2000.??.??"]

1. d4 Nf6 2. c4 c5 3. d5 g6 4. Nc3 Bg7 5. e4 d6 6. Bd3 e5 7. f3 O-O 8. Be3 Na6
9. Nge2 Nb4 10. Bb1 Bd7 11. O-O Na6 12. Qd2 Nh5 13. Bh6 f5 14. exf5 gxf5 15.
Bxg7 Nxg7 16. Qh6 Rf6 17. Qh4 Rg6 18. Qf2 Nh5 19. Rd1 Qg5 20. b3 Rc8 21. Re1
Qd2 22. a3 Nc7 23. Ra2 Qh6 24. Bd3 b6 25. b4 Qg7 26. bxc5 bxc5 27. Rb2 a5 28.
Rb7 Qe7 29. Ra7 Qd8 30. Rxa5 Nxd5 31. Nxd5 Qxa5 32. Ne7+ Kh8 33. Qh4 Qd2 34.
Nxg6+ hxg6 35. Nc1 g5 36. Qxh5+ Kg7 37. Bf1 Rh8 38. Nb3 Qxe1 39. Qxg5+ Kf7 40.
Qd2 Qxd2 41. Nxd2 Rb8 42. Bd3 Rb2 43. Nb1 Be6 44. h4 Kf6 45. Kh2 Bxc4 46. Bxc4
Rxb1 47. g4 fxg4 48. fxg4 Ra1 49. g5+ Kg6 50. Bd3+ Kh5 51. g6 Kh6 52. Bf5 Ra2+
53. Kg3 Rxa3+ 54. Kf2 Ra7 55. Ke3 Rg7 56. Ke4 Rxg6 57. Bxg6 Kxg6 58. Kd5 e4 59.
Kxe4 Kh5 60. Kd5 Kxh4 61. Ke4 Kg4 62. Ke3 d5 0-1

[Event "ICS rated standard match"]
[Site "204.178.125.65"]
[Date "2000.08.25"]
[Round "?"]
[White "Hossa"]
[Black "BrazilianMaster"]
[Result "0-1"]
[WhiteElo "2342"]
[BlackElo "2628"]
[PlyCount "80"]
[EventDate "2000.??.??"]

1. Nf3 c5 2. e4 d6 3. d4 Nf6 4. dxc5 Nxe4 5. cxd6 Nc6 6. Bd3 Nxd6 7. O-O g6 8.
c4 Bg7 9. c5 Nf5 10. Nc3 O-O 11. Nb5 a6 12. Nc3 Qa5 13. Na4 Rd8 14. Nb6 Rb8 15.
Bf4 e5 16. Bg5 Nfe7 17. Nxc8 Rdxc8 18. Qc1 Nb4 19. Bxe7 Nxd3 20. Qe3 e4 21.
Qxe4 Nxc5 22. Qe3 Bxb2 23. Rab1 Bc3 24. Bd6 Ra8 25. Rfc1 Ne6 26. a3 Rc6 27. Bb4
Bxb4 28. Rxb4 Rxc1+ 29. Qxc1 b5 30. Re4 Qd8 31. Re1 Rc8 32. Qb2 Nf4 33. Qa1 Rc2
34. Nd4 Qa8 35. Nf3 Nd3 36. Rf1 Qa7 37. Nd4 Rb2 38. Nc6 Qc5 39. Nb4 Nxf2 40.
Qxb2 Nd3+ {Hossa resigns} 0-1

[Event "ICS rated blitz match"]
[Site "204.178.125.65"]
[Date "2000.08.25"]
[Round "?"]
[White "Hossa"]
[Black "PostModernist"]
[Result "1/2-1/2"]
[WhiteElo "2499"]
[BlackElo "2602"]
[PlyCount "120"]
[EventDate "2000.??.??"]

1. Nf3 Nf6 2. d4 g6 3. c4 Bg7 4. Nc3 O-O 5. e4 c6 6. e5 Ne8 7. Bd3 d6 8. Bf4
Qb6 9. exd6 exd6 10. Na4 Qa5+ 11. Bd2 Qh5 12. Nc3 Bg4 13. Be2 Qf5 14. Be3 Nf6
15. h3 Bxf3 16. Bxf3 Re8 17. O-O Na6 18. Qa4 Rac8 19. Rfe1 Qd7 20. b4 Ra8 21.
b5 Nb8 22. Rab1 Rc8 23. bxc6 bxc6 24. Qa5 Re8 25. Nb5 Re7 26. Bg5 a6 27. Rxe7
Qxe7 28. Nc7 Qd8 29. Re1 Nbd7 30. Bxc6 Rc8 31. Re8+ Qxe8 32. Nxe8 Rxe8 33. Bxf6
Bxf6 34. Bxd7 Re2 35. Bg4 Rc2 36. Qd5 Rxa2 37. Qxd6 Kg7 38. g3 h5 39. Bc8 a5
40. h4 a4 41. Kg2 a3 42. Qc5 Rc2 43. Qa7 a2 44. Kf3 Rd2 45. Be6 Kh6 46. Qxf7
Rxf2+ 47. Kxf2 Bxd4+ 48. Kf3 a1=Q 49. Qf4+ Kh7 50. Ke4 Bf6 51. Qc7+ Kh6 52. Kd5
Qa8+ 53. Kc5 Qa3+ 54. Kb5 Qb3+ 55. Kc6 Qa4+ 56. Kb7 Qb4+ 57. Ka6 Qa3+ 58. Kb7
Qb4+ 59. Ka6 Qa3+ 60. Kb7 Qb4+ 1/2-1/2

[Event "ICS rated standard match"]
[Site "204.178.125.65"]
[Date "2000.08.25"]
[Round "?"]
[White "BrazilianMaster"]
[Black "Hossa"]
[Result "1-0"]
[WhiteElo "2637"]
[BlackElo "2337"]
[PlyCount "89"]
[EventDate "2000.??.??"]

1. d4 d5 2. Nf3 e6 3. Bg5 f6 4. Bd2 Bd7 5. Nc3 Nc6 6. e4 Nge7 7. Bd3 Nb4 8. Be2
Ng6 9. a3 dxe4 10. Nxe4 Nd5 11. Qc1 Bc6 12. c4 Ndf4 13. Bxf4 Bxe4 14. Bg3 Bd6
15. Qe3 Bf5 16. Rd1 Bxg3 17. hxg3 Qd7 18. O-O O-O 19. Rfe1 Rfd8 20. Bd3 Bxd3
21. Rxd3 e5 22. Red1 Qe6 23. dxe5 Rxd3 24. Rxd3 fxe5 25. Ng5 Qxc4 26. Rc3 Qa2
27. Rxc7 Qa1+ 28. Kh2 Qxb2 29. Qc5 Qb3 30. Qd6 Kh8 31. Qd7 Qg8 32. Nf7+ Qxf7
33. Qxf7 Rg8 34. Rxb7 a6 35. Qe6 a5 36. Rc7 Rf8 37. Rc8 h5 38. Rc7 Kh7 39. Qd7
Rg8 40. Qf5 Rh8 41. Rc6 Rf8 42. Qxg6+ Kg8 43. Rc7 Rf7 44. Qxf7+ Kh7 45. Qxg7#
1-0

[Event "ICS rated blitz match"]
[Site "204.178.125.65"]
[Date "2000.08.25"]
[Round "?"]
[White "PostModernist"]
[Black "Hossa"]
[Result "1/2-1/2"]
[WhiteElo "2625"]
[BlackElo "2504"]
[PlyCount "141"]
[EventDate "2000.??.??"]

1. d4 Nf6 2. c4 c5 3. d5 g6 4. Nc3 Bg7 5. e4 d6 6. Bd3 e5 7. Nge2 Na6 8. a3 O-O
9. O-O Bd7 10. Bg5 h6 11. Bd2 Ne8 12. Qe1 Qh4 13. f4 Qxe1 14. Raxe1 exf4 15.
Bxf4 g5 16. Bg3 Nac7 17. b4 cxb4 18. axb4 b6 19. b5 a6 20. bxa6 Nxa6 21. Ra1 h5
22. c5 Nxc5 23. Rxa8 Nxd3 24. Rb8 h4 25. Be1 Nxe1 26. Rxe1 Be5 27. Rxb6 Nf6 28.
Rb7 Bg4 29. Rb4 Rc8 30. Rc1 Kg7 31. Na4 Rxc1+ 32. Nxc1 Bf4 33. Nd3 Bd2 34. Rc4
Be2 35. Nab2 Be3+ 36. Kh1 g4 37. Rc2 Bf1 38. e5 dxe5 39. Nxe5 Bd4 40. Nbc4 Nxd5
41. Nxg4 h3 42. gxh3 Bd3 43. Rg2 Nf4 44. Nge5+ Nxg2 45. Nxd3 Nh4 46. Ne1 Ba7
47. Ne5 f6 48. N5f3 Ng6 49. Nd3 Ne7 50. Nf4 Kf7 51. h4 Bb8 52. Ne2 Nf5 53. h3
Ne3 54. Nc3 Ke7 55. h5 Kf7 56. Kg1 Ba7 57. Nb5 Bc5 58. Kh2 Kg7 59. Ne1 Bb6 60.
Nd3 Kh6 61. Nf4 Kg5 62. h6 Kxh6 63. Kg3 Nf5+ 64. Kf3 Kg5 65. Nd5 Nd4+ 66. Nxd4
Bxd4 67. Kg2 f5 68. Kf3 Be5 69. h4+ Kxh4 70. Ne7 Kg5 71. Nxf5 1/2-1/2

[Event "ICS rated blitz match"]
[Site "204.178.125.65"]
[Date "2000.08.25"]
[Round "?"]
[White "Hossa"]
[Black "Amateur"]
[Result "0-1"]
[WhiteElo "2509"]
[BlackElo "2554"]
[PlyCount "190"]
[EventDate "2000.??.??"]

1. d4 Nf6 2. c4 g6 3. Nc3 d5 4. Qb3 dxc4 5. Qxc4 Bg7 6. e4 Nc6 7. Nf3 O-O 8. d5
Na5 9. Qa4 c6 10. dxc6 Nxc6 11. Bb5 Bd7 12. O-O a6 13. Be2 Qb6 14. Qc2 Nb4 15.
Qd1 Rad8 16. Be3 Qa5 17. a3 Nc6 18. Qb3 b5 19. Nd5 Be6 20. Nxf6+ Bxf6 21. Qc2
Nd4 22. Nxd4 Bxd4 23. Bxd4 Rxd4 24. b4 Qb6 25. Rad1 Rc8 26. Qb1 Rcd8 27. Rxd4
Rxd4 28. Qc2 Qb7 29. Bf3 Bc4 30. Ra1 Qd7 31. Qc3 Rd3 32. Qe5 f6 33. Qb8+ Kg7
34. e5 Qd4 35. Re1 Qd7 36. exf6+ exf6 37. Ra1 Qd4 38. Qc7+ Bf7 39. Rf1 Rxa3 40.
Qe7 Ra4 41. Rb1 Ra1 42. Rf1 Rxf1+ 43. Kxf1 Kg8 44. g3 f5 45. Kg2 Qd2 46. h4 h5
47. Bb7 a5 48. bxa5 Qxa5 49. Qe5 Qb6 50. Bd5 Bxd5+ 51. Qxd5+ Kg7 52. Qd7+ Kf6
53. f4 b4 54. Qe8 Qb7+ 55. Kf2 Kg7 56. Qe5+ Kh7 57. Qf6 b3 58. Qb2 Qa7+ 59. Kf1
Qa6+ 60. Ke1 Qd3 61. Qe5 Qxg3+ 62. Kd2 Qxh4 63. Kc3 Qg3+ 64. Kb2 h4 65. Qe7+
Kh6 66. Qe5 Kh5 67. Qe2+ Qg4 68. Qe5 Qg2+ 69. Kxb3 h3 70. Qh8+ Kg4 71. Qf6 Qb7+
72. Kc4 Qe4+ 73. Kb3 Qb1+ 74. Ka4 h2 75. Qxg6+ Kh3 76. Qh5+ Kg3 77. Qg5+ Kf2
78. Qh4+ Kg2 79. Qg5+ Kf1 80. Qh6 Qe4+ 81. Ka5 h1=Q 82. Qa6+ Qe2 83. Qb5 Qa8+
84. Kb4 Qxb5+ 85. Kxb5 Qb8+ 86. Kc4 Qxf4+ 87. Kd5 Qe4+ 88. Kd6 f4 89. Kd7 f3
90. Kc7 Ke2 91. Kd7 f2 92. Kc7 f1=Q 93. Kd6 Qf6+ 94. Kc7 Qee7+ 95. Kc8 Qff8# {
Hossa checkmated} 0-1

[Event "ICS rated blitz match"]
[Site "204.178.125.65"]
[Date "2000.08.25"]
[Round "?"]
[White "PostModernist"]
[Black "Hossa"]
[Result "1-0"]
[WhiteElo "2607"]
[BlackElo "2495"]
[PlyCount "169"]
[EventDate "2000.??.??"]

1. d4 g6 2. c4 Bg7 3. g3 d6 4. Nf3 Nf6 5. Nc3 O-O 6. Bg2 Na6 7. O-O c6 8. e4
Be6 9. Qe2 Nd7 10. Be3 Nb6 11. b3 c5 12. Rad1 Bg4 13. dxc5 Nxc5 14. Bxc5 Bxc3
15. Qe3 Bg7 16. e5 Bxe5 17. Nxe5 Bxd1 18. Rxd1 Qc7 19. Bxb6 axb6 20. Nd3 b5 21.
cxb5 Rxa2 22. Nb4 Rb2 23. Nd5 Qc2 24. Nxe7+ Kh8 25. Rxd6 Rb1+ 26. Bf1 Qb2 27.
Qd3 Qa1 28. Rd7 b6 29. Nc6 Re1 30. Ra7 Qc1 31. Rb7 Rfe8 32. Qd4+ Kg8 33. Kg2
Qc5 34. Qxc5 bxc5 35. Bc4 Rf8 36. b6 Ree8 37. Re7 Rc8 38. Bd5 Kg7 39. b7 Rce8
40. Rxe8 Rxe8 41. b8=Q Rxb8 42. Nxb8 Kf6 43. Na6 Ke7 44. f4 f6 45. Nxc5 Kd6 46.
Ne4+ Kxd5 47. Nxf6+ Ke6 48. Nxh7 Kf7 49. Ng5+ Ke7 50. Kf3 Ke8 51. Kg4 Kf8 52.
Ne4 Kf7 53. Kg5 Kg7 54. Nd6 Kf8 55. Kxg6 Ke7 56. Nc8+ Kd7 57. f5 Kxc8 58. f6
Kd7 59. h4 Ke6 60. f7 Kd6 61. f8=Q+ Kd5 62. Qf4 Kc6 63. Kf7 Kc5 64. Qc4+ Kb6
65. Qb4+ Kc7 66. Ke6 Kc6 67. Ke7 Kc7 68. Qd6+ Kc8 69. Ke8 Kb7 70. Qg6 Kc7 71.
Qa6 Kb8 72. Qb6+ Ka8 73. Qb5 Ka7 74. Kd7 Ka8 75. Qa6+ Kb8 76. Qb6+ Ka8 77. Qc6+
Ka7 78. Qe6 Ka8 79. Qd5+ Ka7 80. Qa5+ Kb7 81. Qc7+ Ka6 82. Qc5 Kb7 83. Qb4+ Ka7
84. Kc7 Ka6 85. Qb6# {Hossa checkmated} 1-0

[Event "ICS rated standard match"]
[Site "204.178.125.65"]
[Date "2000.08.25"]
[Round "?"]
[White "chess-bomber"]
[Black "Hossa"]
[Result "0-1"]
[WhiteElo "1958"]
[BlackElo "2332"]
[PlyCount "67"]
[EventDate "2000.??.??"]

1. g3 e6 2. Bg2 d5 3. d3 e5 4. Nd2 Nf6 5. c3 Bd6 6. Qc2 O-O 7. h3 Nc6 8. Ngf3
Bf5 9. e4 dxe4 10. dxe4 Bg6 11. b4 a5 12. b5 Na7 13. a4 c6 14. c4 Qc7 15. Ra2
cxb5 16. axb5 Bb4 17. O-O b6 18. Bb2 Nd7 19. Nh4 Nxb5 20. Nxg6 fxg6 21. Bxe5
Qxe5 22. cxb5 Qxb5 23. Qc4+ Qxc4 24. Nxc4 b5 25. Ne3 Ne5 26. f4 Bc5 27. fxe5
Bxe3+ 28. Kh2 b4 29. Rxf8+ Kxf8 30. Bf1 b3 31. Ra4 b2 32. Bd3 Rd8 33. Bb1 Rd2+
34. Kh1 0-1

[Event "ICS rated standard match"]
[Site "204.178.125.65"]
[Date "2000.08.25"]
[Round "?"]
[White "Hossa"]
[Black "chess-bomber"]
[Result "1-0"]
[WhiteElo "2335"]
[BlackElo "1955"]
[PlyCount "97"]
[EventDate "2000.??.??"]

1. d4 Nf6 2. c4 c5 3. d5 e6 4. Nc3 exd5 5. cxd5 d6 6. e4 g6 7. f4 Bg7 8. Bb5+
Nfd7 9. a4 O-O 10. Nf3 Na6 11. O-O Nb4 12. Be3 a6 13. Bc4 Nb6 14. Bb3 Bg4 15.
a5 Nd7 16. h3 Bxf3 17. Qxf3 f5 18. e5 dxe5 19. d6+ Kh8 20. Qxb7 Nd3 21. Be6
exf4 22. Bxf4 Nxf4 23. Rxf4 Bd4+ 24. Kh1 Nf6 25. d7 Qb8 26. Qxb8 Raxb8 27. Ra2
Rfd8 28. g4 fxg4 29. hxg4 Nxd7 30. Rf7 Nf8 31. Bc4 Rd7 32. Rxd7 Nxd7 33. Bxa6
Ne5 34. Be2 g5 35. a6 c4 36. a7 Ra8 37. Nb5 Bc5 38. Ra4 Kg7 39. Bxc4 Nxc4 40.
Rxc4 Bxa7 41. Rc7+ Kf6 42. Rxa7 Rb8 43. Ra5 Ke5 44. Kg2 h5 45. gxh5 Rh8 46.
Nc3+ Kf4 47. Ne2+ Kg4 48. Ng3 Rc8 49. Ra4+ 1-0

[Event "ICS rated blitz match"]
[Site "204.178.125.65"]
[Date "2000.08.25"]
[Round "?"]
[White "Amateur"]
[Black "Hossa"]
[Result "1/2-1/2"]
[WhiteElo "2575"]
[BlackElo "2484"]
[PlyCount "90"]
[EventDate "2000.??.??"]

1. d4 Nf6 2. c4 c5 3. d5 g6 4. Nc3 Bg7 5. e4 d6 6. Nf3 O-O 7. Be2 Na6 8. Bf4
Bd7 9. O-O Nh5 10. Bg5 h6 11. Be3 Nf6 12. Qd2 Ng4 13. Bf4 g5 14. Bg3 Qc8 15.
Rae1 Nf6 16. e5 Nh5 17. exd6 Nxg3 18. fxg3 exd6 19. h4 gxh4 20. gxh4 Qd8 21.
Qf4 Qf6 22. Qxf6 Bxf6 23. Ne4 Be7 24. Bd3 Rae8 25. Ng3 f5 26. Re2 Nb4 27. Bb1
f4 28. Ne4 Bg4 29. Rfe1 Bxf3 30. gxf3 Kf7 31. a3 Rg8+ 32. Kh1 Na6 33. Bc2 Nc7
34. Ba4 b5 35. cxb5 Rd8 36. Ng5+ Bxg5 37. hxg5 Rxg5 38. Re7+ Kf6 39. Rxc7 Rh5+
40. Kg1 Rg8+ 41. Kf2 Rh2+ 42. Kf1 Rh1+ 43. Kf2 Rh2+ 44. Kf1 Rh1+ 45. Kf2 Rh2+
1/2-1/2

[Event "ICS rated blitz match"]
[Site "204.178.125.65"]
[Date "2000.08.25"]
[Round "?"]
[White "Hossa"]
[Black "Amateur"]
[Result "1/2-1/2"]
[WhiteElo "2488"]
[BlackElo "2571"]
[PlyCount "287"]
[EventDate "2000.??.??"]

1. d4 e6 2. Nf3 Nf6 3. Bg5 h6 4. Bh4 Nc6 5. e3 Bd6 6. Bc4 O-O 7. O-O g5 8. Bg3
Bxg3 9. fxg3 d5 10. Bd3 e5 11. dxe5 Ng4 12. Qd2 Ncxe5 13. Nc3 Nxf3+ 14. gxf3
Nf6 15. Rf2 c6 16. e4 dxe4 17. Nxe4 Nxe4 18. fxe4 Be6 19. Qc3 Rc8 20. Be2 Kh7
21. Bh5 Qb6 22. a4 Rcd8 23. Rd1 Rxd1+ 24. Bxd1 a5 25. Bh5 Qb4 26. Qxb4 axb4 27.
b3 Kg7 28. e5 Rd8 29. Bf3 Rd4 30. Kf1 g4 31. Bg2 Kg6 32. Rf6+ Kg5 33. Ke2 h5
34. Ke3 Rd7 35. Be4 Rd1 36. Ke2 Rd8 37. Rf4 Rd7 38. Bd3 c5 39. Be4 h4 40. Rf6
hxg3 41. hxg3 b6 42. Ke1 Rd4 43. Rf4 c4 44. bxc4 Rxc4 45. Kd2 b3 46. cxb3 Rb4
47. Kc2 Rxb3 48. Bd3 Ra3 49. Rb4 Kh5 50. Kd2 Kg5 51. Rxb6 Ra2+ 52. Ke3 Rxa4 53.
Rb8 Ra5 54. Rg8+ Kh6 55. Rh8+ Kg7 56. Rh5 Ra3 57. Kd4 Ra4+ 58. Kc5 Ra5+ 59. Kd4
Bb3 60. Be4 Bd1 61. Rh7+ Kg8 62. Rh4 Ra4+ 63. Ke3 Rb4 64. Bh7+ Kf8 65. Bd3 Bf3
66. Rh8+ Ke7 67. Bf5 Rc4 68. Rg8 Rb4 69. Rc8 Ra4 70. Kd3 Ra3+ 71. Kc4 Be2+ 72.
Kd5 Rxg3 73. Rc7+ Kf8 74. e6 fxe6+ 75. Kxe6 Re3+ 76. Kf6 g3 77. Rc8+ Re8 78.
Rxe8+ Kxe8 79. Bg6+ Kd7 80. Bf5+ Kd6 81. Bh3 Bg4 82. Bg2 Be6 83. Kg5 Ke5 84.
Bh1 Bf5 85. Bg2 Bd7 86. Bh1 Be6 87. Bg2 Bf5 88. Bh1 Bd7 89. Bg2 Bc8 90. Bf3 Bh3
91. Bc6 Bc8 92. Bf3 Bd7 93. Bg2 Bh3 94. Bxh3 Ke4 95. Kh5 Kf4 96. Kh6 Ke4 97.
Kh7 Ke3 98. Kh8 Kf4 99. Kg8 Ke4 100. Kh8 Kd5 101. Kg7 Ke4 102. Kh7 Kf3 103. Kh8
Ke4 104. Kh7 Ke5 105. Kh8 Kf6 106. Kh7 Kg5 107. Kh8 Kh6 108. Kg8 Kg6 109. Kh8
Kg5 110. Kg8 Kh6 111. Kh8 Kg6 112. Bg2 Kf6 113. Kg8 Ke5 114. Kh8 Kf4 115. Kg8
Ke3 116. Kh7 Kf2 117. Bh1 Kg1 118. Bf3 Kf2 119. Bh1 Kf1 120. Kh8 Kg1 121. Bf3
Kf2 122. Bh1 Ke2 123. Kg8 Kf1 124. Kh8 Kf2 125. Kg7 Kf1 126. Kh7 Kf2 127. Kh8
Kf1 128. Kg8 Kg1 129. Bf3 Kf2 130. Be4 Ke3 131. Bg2 Kf2 132. Be4 Ke2 133. Kh8
Ke3 134. Bh1 Ke2 135. Kg8 Kf1 136. Kh8 Kg1 137. Bf3 Kf2 138. Bh1 Kf1 139. Kg8
Kg1 140. Bf3 Kf2 141. Be4 Ke3 142. Bg2 Kf4 143. Kh8 Ke3 144. Kg8 1/2-1/2

[Event "ICS rated blitz match"]
[Site "204.178.125.65"]
[Date "2000.08.25"]
[Round "?"]
[White "Tinker"]
[Black "Hossa"]
[Result "1/2-1/2"]
[WhiteElo "2553"]
[BlackElo "2492"]
[PlyCount "145"]
[EventDate "2000.??.??"]

1. e4 e5 2. Nf3 Nc6 3. d4 exd4 4. Nxd4 Nf6 5. Nxc6 bxc6 6. e5 Qe7 7. Qe2 Nd5 8.
c4 Nb6 9. Bd2 d5 10. exd6 cxd6 11. Bc3 Be6 12. b3 d5 13. Nd2 Rd8 14. Qe3 dxc4
15. Bxc4 Nd5 16. Bxd5 Bxd5 17. O-O Qxe3 18. fxe3 f6 19. Ba5 Rd7 20. Rac1 Ba3
21. Rc2 Re7 22. e4 Bxe4 23. Nxe4 Rxe4 24. Rxc6 Kf7 25. Rd1 Rhe8 26. Bc3 Re2 27.
Bd4 Rxa2 28. Ra6 Ree2 29. Rxa7+ Kg6 30. Kh1 Rxg2 31. Rxa3 Rxh2+ 32. Kg1 Rhg2+
33. Kf1 Rxa3 34. Kxg2 Rxb3 35. Bf2 h5 36. Rd7 Kh6 37. Bd4 h4 38. Kh2 Rf3 39.
Rd8 g5 40. Rd6 Kg6 41. Kg2 g4 42. Rb6 h3+ 43. Kh2 Kg5 44. Rc6 f5 45. Bf6+ Kh5
46. Rc2 Rd3 47. Be5 Kg5 48. Rc4 Rd2+ 49. Kh1 Re2 50. Bf4+ Kh4 51. Rc3 Ra2 52.
Bg3+ Kg5 53. Rc4 Rb2 54. Bc7 Rf2 55. Rc5 Rd2 56. Bg3 Rg2 57. Rc3 Kh5 58. Bf4
Rf2 59. Rc4 Kh4 60. Bd6 Kg5 61. Rc5 Kg6 62. Bg3 Rf1+ 63. Kh2 Kh6 64. Rd5 f4 65.
Bh4 f3 66. Bg5+ Kh7 67. Be3 f2 68. Kg3 Rg1+ 69. Kxf2 h2 70. Rh5+ Kg6 71. Rxh2
g3+ 72. Kxg1 gxh2+ 73. Kxh2 1/2-1/2

[Event "ICS rated blitz match"]
[Site "204.178.125.65"]
[Date "2000.08.25"]
[Round "?"]
[White "Hossa"]
[Black "Tinker"]
[Result "0-1"]
[WhiteElo "2495"]
[BlackElo "2550"]
[PlyCount "124"]
[EventDate "2000.??.??"]

1. e4 e5 2. Nf3 Nc6 3. Nc3 Nf6 4. Bb5 Nd4 5. Ba4 c6 6. Nxe5 Qe7 7. Nf3 Nxe4 8.
O-O Nxc3 9. bxc3 Ne6 10. Re1 Qf6 11. d4 Be7 12. c4 O-O 13. Rb1 Bd6 14. Bb2 Ng5
15. Nxg5 Qxg5 16. Qf3 Bc7 17. Ba3 d6 18. Bxc6 bxc6 19. Qxc6 Bh3 20. Re3 Rab8
21. Rxb8 Bxb8 22. Re8 g6 23. Rxf8+ Kxf8 24. Kf1 Be6 25. d5 Qd2 26. Bxd6+ Kg7
27. f3 Bxd6 28. Qxd6 Bf5 29. Qe5+ Kh6 30. Qe2 Qc3 31. Kf2 g5 32. Qe7 Qxc2+ 33.
Qe2 Qc3 34. f4 gxf4 35. Qe8 Qa3 36. Qe5 Kg6 37. Qxf4 Qxa2+ 38. Kf3 Qb3+ 39. Kf2
Qc2+ 40. Kf3 Qc3+ 41. Kf2 Qf6 42. Ke3 Qb6+ 43. Kf3 h5 44. h3 Qb3+ 45. Kf2 Qc2+
46. Kf3 Bd3 47. Qd6+ Kh7 48. Qe7 Bg6 49. Qe2 Qf5+ 50. Ke3 Qe5+ 51. Kf3 Qc3+ 52.
Kf2 a5 53. Kg1 a4 54. Qf1 a3 55. Qf2 Qa1+ 56. Kh2 a2 57. Qe2 Qb1 58. g3 a1=Q
59. Qg2 Be4 60. Qxe4+ Qxe4 61. g4 Qf4+ 62. Kg2 Qaf1# {Hossa checkmated} 0-1

[Event "ICS rated standard match"]
[Site "204.178.125.65"]
[Date "2000.08.25"]
[Round "?"]
[White "Tinker"]
[Black "Hossa"]
[Result "1-0"]
[WhiteElo "2381"]
[BlackElo "2338"]
[PlyCount "109"]
[EventDate "2000.??.??"]

1. e4 e5 2. Nf3 Nc6 3. Bb5 Bc5 4. d3 Nge7 5. c3 a6 6. Ba4 b5 7. Bc2 d5 8. d4
exd4 9. cxd4 Bb4+ 10. Nc3 dxe4 11. Bxe4 Bf5 12. O-O Bxe4 13. Nxe4 O-O 14. Qd3
Re8 15. Neg5 g6 16. Nxf7 Qd5 17. Nh6+ Kh8 18. Bf4 Bd6 19. Qd2 Rf8 20. Bxd6 cxd6
21. Rfd1 Rae8 22. a4 bxa4 23. Rxa4 Qb5 24. Rda1 Rb8 25. Rxa6 Qxb2 26. Qe1 Rxf3
27. gxf3 Qxd4 28. Qe3 Qg7 29. Ra8 Qf6 30. Rxb8+ Nxb8 31. Ra7 Nbc6 32. Ng4 Qh4
33. Qc3+ Kg8 34. Ra4 Ne5 35. Qb3+ Kf8 36. Nxe5 Qg5+ 37. Ng4 h5 38. Ra8+ Kg7 39.
Qb8 Kf7 40. Qe8+ Ke6 41. Ra1 Qd2 42. Ne3 Qb2 43. Ra4 Qb1+ 44. Kg2 Qb2 45. Re4+
Qe5 46. Rxe5+ dxe5 47. Nc4 e4 48. fxe4 h4 49. f4 Kf6 50. Nd6 Kg7 51. Qxe7+ Kh6
52. Kh3 g5 53. Nf5+ Kg6 54. Qg7+ Kh5 55. Qxg5# {Hossa checkmated} 1-0

[Event "ICS rated blitz match"]
[Site "204.178.125.65"]
[Date "2000.08.25"]
[Round "?"]
[White "Tinker"]
[Black "Hossa"]
[Result "1/2-1/2"]
[WhiteElo "2563"]
[BlackElo "2482"]
[PlyCount "140"]
[EventDate "2000.??.??"]

1. e4 e5 2. Nf3 Nc6 3. Nc3 Nf6 4. d4 exd4 5. Nxd4 Bc5 6. Nxc6 dxc6 7. Qxd8+
Kxd8 8. Bf4 Be6 9. O-O-O+ Kc8 10. f3 Bb4 11. Ne2 Bc5 12. g3 Rd8 13. Rxd8+ Kxd8
14. Nc3 Bd4 15. a3 Bxc3 16. bxc3 Ne8 17. Be2 Nd6 18. Rd1 Ke7 19. Be3 f6 20. Rd2
b6 21. Bf4 g5 22. Be3 Kf7 23. Rd1 h6 24. h4 Nb5 25. Kb2 Nd6 26. Rh1 gxh4 27.
Rxh4 Bc4 28. Bd3 Rg8 29. Bf4 Rh8 30. Bxh6 Be6 31. Bf4 Rxh4 32. gxh4 Nc4+ 33.
Bxc4 Bxc4 34. Bxc7 Ke8 35. Bb8 Kd8 36. Bxa7 Kc7 37. h5 Bf7 38. h6 Bg6 39. c4
Kb7 40. Bxb6 Kxb6 41. a4 c5 42. c3 Ka6 43. Kc2 Ka5 44. Kd2 Kxa4 45. Ke3 Kb3 46.
Kd3 Bh7 47. f4 Bg6 48. Ke3 Kxc4 49. f5 Bh7 50. e5 Kd5 51. exf6 Kd6 52. Kf4 Kd7
53. Ke5 c4 54. Kf4 Ke8 55. Ke4 Kf7 56. Ke5 Bg8 57. h7 Bxh7 58. Kd5 Kxf6 59.
Kxc4 Kxf5 60. Kb3 Bg6 61. Kc4 Bh5 62. Kd5 Bg4 63. c4 Bh3 64. c5 Bg2+ 65. Kc4
Bh1 66. c6 Bg2 67. c7 Bf1+ 68. Kd5 Ba6 69. Kd4 Bb7 70. c8=Q+ Bxc8 1/2-1/2